000 00455nam a22001577a 4500
005 20230118111344.0
008 200225b xxu||||| |||| 00| 0 eng d
020 _a978-93-88108-47-8
041 _aeng
100 _aBARI, SANJAY KUMAR AND MOMIN, YASMIN. JADGE, DHANRAJ. YELIGAR, VEERENDRA.
_96783
245 _aTEXTBOOK OF PHARMACEUTICAL ANALYSIS - I
260 _aNEW DELHI
_bCBS
300 _a144p,
650 _apharmacy
_xD.PHARMA
_97090
942 _cBK
999 _c6044
_d6042